MARC details
| 000 -CABECERA |
| campo de control de longitud fija |
00840nam a2200205 a 4500 |
| 001 - NÚMERO DE CONTROL |
| campo de control |
000024996 |
| 005 - FECHA Y HORA DE LA ÚLTIMA TRANSACCIÓN |
| campo de control |
20200930023509.0 |
| 008 - DATOS DE LONGITUD FIJA--INFORMACIÓN GENERAL |
| campo de control de longitud fija |
110208s1967 ag r 000 0 spa d |
| 040 ## - FUENTE DE LA CATALOGACIÓN |
| Centro catalogador/agencia de origen |
DO-SdBNP |
| Lengua de catalogación |
spa |
| Centro/agencia transcriptor |
BNPHU |
| 082 ## - NÚMERO DE LA CLASIFICACIÓN DECIMAL DEWEY |
| Número de clasificación |
xxxxx |
| Número de documento/Ítem |
N817c |
| 049 ## - FONDOS LOCALES (OCLC) |
| Fondos de biblioteca |
BNGR |
| 100 1# - ENTRADA PRINCIPAL--NOMBRE DE PERSONA |
| Nombre de persona |
Noonan Jr., John T. |
| 9 (RLIN) |
51296 |
| 245 10 - MENCIÓN DE TÍTULO |
| Título |
Contraconcepción : |
| Resto del título |
desarrollo y análisis del tema a través de los canonistas y teólogos católicos / |
| Mención de responsabilidad, etc. |
John T. Noonan Jr. ; traducción Jorge L. García Venturini. |
| 250 ## - MENCIÓN DE EDICIÓN |
| Mención de edición |
2a ed. |
| 260 ## - PUBLICACIÓN, DISTRIBUCIÓN, ETC. |
| Lugar de publicación, distribución, etc. |
Buenos Aires, Argentina : |
| Nombre del editor, distribuidor, etc. |
Troquel, |
| Fecha de publicación, distribución, etc. |
1967. |
| 300 ## - DESCRIPCIÓN FÍSICA |
| Extensión |
565 p. ; |
| Dimensiones |
22 cm. |
| 504 ## - NOTA DE BIBLIOGRAFÍA, ETC. |
| Nota de bibliografía, etc. |
Incluye referencias bibliográficas y notas al pie de las páginas. |
| 534 ## - NOTA SOBRE LA VERSIÓN ORIGINAL |
| Encabezamiento principal del original |
Título original: |
| Mención de título del original |
Contraception, a history of it´s treatment |
| Publicación, distribución, etc. del original |
Harvard University Press, 1965 |
| 700 1# - PUNTO DE ACCESO ADICIONAL--NOMBRE DE PERSONA |
| Nombre de persona |
García Venturini, Jorge L., |
| Término indicativo de función/relación |
tr. |
| 9 (RLIN) |
51297 |